<?xml version="1.0" encoding="UTF-8"?>
<record
    xmlns:xsi="http://www.w3.org/2001/XMLSchema-instance"
    xsi:schemaLocation="http://www.loc.gov/MARC21/slim http://www.loc.gov/standards/marcxml/schema/MARC21slim.xsd"
    xmlns="http://www.loc.gov/MARC21/slim">

  <leader>00282nam a22001217a 4500</leader>
  <datafield tag="040" ind1=" " ind2=" ">
    <subfield code="c">SK</subfield>
  </datafield>
  <datafield tag="082" ind1=" " ind2=" ">
    <subfield code="a">664</subfield>
  </datafield>
  <datafield tag="100" ind1=" " ind2=" ">
    <subfield code="a">&#x1782;&#x1784;&#x17CB; &#x1790;&#x17BB;&#x1784;</subfield>
  </datafield>
  <datafield tag="245" ind1=" " ind2=" ">
    <subfield code="a">food processing; &#x1780;&#x17B6;&#x179A;&#x1780;&#x17C2;&#x1785;&#x17D2;&#x1793;&#x17C3;&#x17A2;&#x17B6;&#x17A0;&#x17B6;&#x179A;</subfield>
  </datafield>
  <datafield tag="260" ind1=" " ind2=" ">
    <subfield code="a">RUA</subfield>
    <subfield code="b">&#x1782;&#x1784;&#x17CB;</subfield>
    <subfield code="c">2011</subfield>
  </datafield>
  <datafield tag="300" ind1=" " ind2=" ">
    <subfield code="a">490p.</subfield>
  </datafield>
  <datafield tag="942" ind1=" " ind2=" ">
    <subfield code="c">EK</subfield>
  </datafield>
  <datafield tag="999" ind1=" " ind2=" ">
    <subfield code="c">8655</subfield>
    <subfield code="d">8655</subfield>
  </datafield>
  <datafield tag="952" ind1=" " ind2=" ">
    <subfield code="0">0</subfield>
    <subfield code="1">0</subfield>
    <subfield code="4">0</subfield>
    <subfield code="6">664_000000000000000_&#x1782;&#x1784;_2011_C244</subfield>
    <subfield code="7">0</subfield>
    <subfield code="9">49105</subfield>
    <subfield code="a">LBC</subfield>
    <subfield code="b">LBC</subfield>
    <subfield code="c">C244</subfield>
    <subfield code="d">2016-08-08</subfield>
    <subfield code="l">1</subfield>
    <subfield code="o">664  &#x1782;&#x1784;&#x17CB;  2011 C244</subfield>
    <subfield code="p">RUA062698</subfield>
    <subfield code="r">2023-12-05</subfield>
    <subfield code="s">2023-11-24</subfield>
    <subfield code="y">EK</subfield>
  </datafield>
  <datafield tag="952" ind1=" " ind2=" ">
    <subfield code="0">0</subfield>
    <subfield code="1">0</subfield>
    <subfield code="4">0</subfield>
    <subfield code="6">664_000000000000000_&#x1782;&#x1784;_2011_C244</subfield>
    <subfield code="7">0</subfield>
    <subfield code="9">49107</subfield>
    <subfield code="a">LBC</subfield>
    <subfield code="b">LBC</subfield>
    <subfield code="c">C244</subfield>
    <subfield code="d">2016-08-08</subfield>
    <subfield code="o">664  &#x1782;&#x1784;&#x17CB;  2011 C244</subfield>
    <subfield code="p">RUA062574</subfield>
    <subfield code="r">2016-08-08</subfield>
    <subfield code="y">EK</subfield>
  </datafield>
  <datafield tag="952" ind1=" " ind2=" ">
    <subfield code="0">0</subfield>
    <subfield code="1">0</subfield>
    <subfield code="4">0</subfield>
    <subfield code="6">664_000000000000000_&#x1782;&#x1784;_2011_C244</subfield>
    <subfield code="7">0</subfield>
    <subfield code="9">49108</subfield>
    <subfield code="a">LBC</subfield>
    <subfield code="b">LBC</subfield>
    <subfield code="c">C244</subfield>
    <subfield code="d">2016-08-08</subfield>
    <subfield code="o">664 &#x1782;&#x1784;&#x17CB; 2011 C244</subfield>
    <subfield code="p">RUA062694</subfield>
    <subfield code="r">2016-08-08</subfield>
    <subfield code="y">EK</subfield>
  </datafield>
  <datafield tag="952" ind1=" " ind2=" ">
    <subfield code="0">0</subfield>
    <subfield code="1">0</subfield>
    <subfield code="4">0</subfield>
    <subfield code="6">664_000000000000000_&#x1782;&#x1784;_2011_C244</subfield>
    <subfield code="7">0</subfield>
    <subfield code="9">56791</subfield>
    <subfield code="a">LBB</subfield>
    <subfield code="b">LBB</subfield>
    <subfield code="d">2016-11-11</subfield>
    <subfield code="o">664 &#x1782;&#x1784;&#x17CB; 2011 C244 </subfield>
    <subfield code="p">RUA045194</subfield>
    <subfield code="r">2016-11-11</subfield>
    <subfield code="y">EK</subfield>
  </datafield>
</record>
